[Event "Asia Cities-ch 16th"]
[Site "Beirut"]
[Date "2009.04.16"]
[Round "1.1"]
[White "Maasarani, Mahmoud"]
[Black "Mallahi, Amir"]
[Result "0-1"]
[WhiteElo "2126"]
[BlackElo "2387"]
[PlyCount "120"]
[EventDate "2009.04.16"]
[EventType "team-swiss"]
[EventRounds "9"]
[EventCountry "LBN"]
[SourceTitle "EXT 2020"]
[Source "ChessBase"]
[SourceDate "2019.10.17"]
[SourceVersion "1"]
[SourceVersionDate "2019.10.17"]
[SourceQuality "1"]
[WhiteTeam "Beirut"]
[BlackTeam "Tehran"]
[WhiteTeamCountry "LBN"]
[BlackTeamCountry "IRI"]

1. d4 d5 2. Nf3 c5 3. c3 Nf6 4. g3 e6 5. Bg2 Be7 6. 0-0 0-0 7. Bf4 Nc6 8. Nbd2 cxd4 9. Nxd4 Bd7 10. N2f3 Qb6 11. Qb3 Bc5 12. Qxb6 Bxb6 13. Bd6 Rfc8 14. e3 Ne4 15. Nxc6 bxc6 16. Ne5 Nxd6 17. Nxd7 Rc7 18. Nxb6 axb6 19. Rfc1 Kf8 20. Rc2 Ke7 21. a3 f5 22. f3 Ra4 23. Rd1 g5 24. Rd4 Rca7 25. Re2 c5 26. Rd1 g4 27. Kf2 h5 28. h3 Kf6 29. hxg4 hxg4 30. Rh1 gxf3 31. Bxf3 Rg7 32. Rh8 Raa7 33. Rb8 Rab7 34. Rf8+ Ke5 35. Rh8 Rg6 36. a4 Rbg7 37. Rh3 c4 38. Re1 Nb7 39. Bd1 Nc5 40. Bc2 Ra7 41. Ra1 Rg8 42. Rh5 Ra5 43. Ra3 b5 44. axb5 Rxb5 45. Ra2 Rgb8 46. Ke2 Rxb2 47. Rxb2 Rxb2 48. Kd1 Ne4 49. Kc1 Ra2 50. Rh3 Nxc3 51. Rh4 Ne4 52. Bxe4 dxe4 53. Kd1 Rg2 54. Rh8 Rxg3 55. Kd2 c3+ 56. Ke2 Rg2+ 57. Kd1 Kd5 58. Rc8 Rd2+ 59. Kc1 Rd3 60. Rd8+ Ke5 0-1

[Event "Manila PGMA Cup 3rd"]
[Site "Manila"]
[Date "2008.09.11"]
[Round "7"]
[White "Ballecer, Dino"]
[Black "Mallahi, Amir"]
[Result "1-0"]
[WhiteElo "2419"]
[BlackElo "2393"]
[PlyCount "49"]
[EventDate "2008.09.07"]
[EventType "swiss"]
[EventRounds "9"]
[EventCountry "PHI"]
[SourceTitle "CBM 126 Extra"]
[Source "ChessBase"]
[SourceDate "2008.11.05"]
[SourceVersion "1"]
[SourceVersionDate "2008.11.05"]
[SourceQuality "1"]

1. e4 c5 2. Nf3 Nc6 3. d4 cxd4 4. Nxd4 Nf6 5. Nc3 e5 6. Ndb5 d6 7. Bg5 a6 8. Na3 b5 9. Bxf6 gxf6 10. Nd5 f5 11. exf5 Bxf5 12. c3 Bg7 13. Nc2 0-0 14. Nce3 Be6 15. Bd3 f5 16. Qh5 Ra7 17. 0-0 Raf7 18. Rad1 e4 19. Bc2 Be5 20. f4 exf3 21. Rxf3 f4 22. Nxf4 Bxf4 23. Rxf4 Ne5 24. Rxf7 Rxf7 25. Qxe5 1-0

[Event "Manila PGMA Cup 3rd"]
[Site "Manila"]
[Date "2008.09.09"]
[Round "4"]
[White "Mallahi, Amir"]
[Black "Andador, Rolando"]
[Result "1-0"]
[WhiteElo "2393"]
[BlackElo "2335"]
[PlyCount "79"]
[EventDate "2008.09.07"]
[EventType "swiss"]
[EventRounds "9"]
[EventCountry "PHI"]
[SourceTitle "CBM 126 Extra"]
[Source "ChessBase"]
[SourceDate "2008.11.05"]
[SourceVersion "1"]
[SourceVersionDate "2008.11.05"]
[SourceQuality "1"]

1. e4 e5 2. Nc3 Nc6 3. g3 Nf6 4. Bg2 Bc5 5. Nge2 d6 6. Na4 Bb6 7. Nxb6 axb6 8. d4 Bg4 9. f3 Bd7 10. 0-0 Qc8 11. Bg5 Ng8 12. g4 h5 13. h3 hxg4 14. hxg4 f6 15. Be3 Nge7 16. Ng3 Ng6 17. Nh5 Rh7 18. c3 Nd8 19. Kf2 Ne6 20. Rh1 Nef8 21. Bf1 Be6 22. Bb5+ Kf7 23. Qd3 Ne7 24. d5 Bd7 25. Bc4 Ng8 26. Ng3 Ne7 27. Rxh7 Nxh7 28. Rh1 Qg8 29. Qf1 Ng6 30. Nf5 Bxf5 31. gxf5 Ne7 32. Qh3 Nf8 33. a3 g6 34. fxg6+ Qxg6 35. Rg1 Qh7 36. Bh6 Neg6 37. Bf1 Rd8 38. Qh5 Nd7 39. Bh3 Nc5 40. Rxg6 1-0

[Event "Manila PGMA Cup 3rd"]
[Site "Manila"]
[Date "2008.09.08"]
[Round "2"]
[White "Mallahi, Amir"]
[Black "Gu, Xiaobing"]
[Result "1/2-1/2"]
[WhiteElo "2393"]
[BlackElo "2286"]
[PlyCount "98"]
[EventDate "2008.09.07"]
[EventType "swiss"]
[EventRounds "9"]
[EventCountry "PHI"]
[SourceTitle "CBM 126 Extra"]
[Source "ChessBase"]
[SourceDate "2008.11.05"]
[SourceVersion "1"]
[SourceVersionDate "2008.11.05"]
[SourceQuality "1"]

1. e4 c5 2. Nf3 d6 3. d4 cxd4 4. Nxd4 Nf6 5. Nc3 a6 6. f4 e5 7. Nf3 Nbd7 8. a4 Be7 9. Bd3 0-0 10. 0-0 exf4 11. Kh1 Nc5 12. Bxf4 Bg4 13. Qd2 Re8 14. Nd4 Qd7 15. Bg5 Nfxe4 16. Bxe4 Bxg5 17. Bxh7+ Kxh7 18. Qxg5 Re5 19. Qf4 Bh5 20. Nf3 Rf5 21. Qh4 Kg8 22. Nd4 Rxf1+ 23. Rxf1 Bg6 24. a5 Re8 25. Re1 Rxe1+ 26. Qxe1 Ne6 27. Nce2 Nxd4 28. Nxd4 Qa4 29. b4 Bxc2 30. h4 Bg6 31. Kh2 Qd7 32. Qe2 d5 33. Qe5 Be4 34. Kg3 Qc8 35. h5 Qc1 36. Nf3 Bxf3 37. gxf3 Qc6 38. Kf2 f6 39. Qd4 Qd6 40. Qg4 Qe5 41. Qc8+ Kh7 42. Qxb7 Qh2+ 43. Ke3 Qg1+ 44. Ke2 Qg2+ 45. Ke3 Qg5+ 46. Ke2 Qe5+ 47. Kf2 Qd4+ 48. Kg2 Qc4 49. b5 Qe2+ 1/2-1/2

[Event "Urumia op 2nd"]
[Site "Urumia"]
[Date "2008.08.31"]
[Round "10"]
[White "Mallahi, Amir"]
[Black "Ghanbari, Rasool"]
[Result "1-0"]
[WhiteElo "2393"]
[BlackElo "2227"]
[PlyCount "51"]
[EventDate "2008.08.26"]
[EventType "swiss"]
[EventRounds "10"]
[EventCountry "IRI"]
[SourceTitle "CBM 126 Extra"]
[Source "ChessBase"]
[SourceDate "2008.11.05"]
[SourceVersion "1"]
[SourceVersionDate "2008.11.05"]
[SourceQuality "1"]

1. e4 g6 2. d4 c5 3. dxc5 Bg7 4. c3 Qc7 5. Be3 Na6 6. Bxa6 bxa6 7. Nd2 Nf6 8. f3 Rb8 9. Rb1 0-0 10. Ne2 a5 11. 0-0 Ba6 12. c4 Rb7 13. Qc2 Rfb8 14. b3 e6 15. Nc1 Rd8 16. Nd3 Bf8 17. e5 Ne8 18. Ne4 f6 19. f4 Rbb8 20. Nd6 Qc6 21. Bd2 Nxd6 22. exd6 e5 23. fxe5 fxe5 24. Bxa5 e4 25. Bxd8 exd3 26. Qf2 1-0

[Event "Fajr op 16th"]
[Site "Urmia"]
[Date "2008.02.08"]
[Round "10"]
[White "Mahjoob, Morteza"]
[Black "Mallahi, Amir"]
[Result "1/2-1/2"]
[WhiteElo "2504"]
[BlackElo "2397"]
[PlyCount "82"]
[EventDate "2008.02.03"]
[EventType "swiss"]
[EventRounds "11"]
[EventCountry "IRI"]
[SourceTitle "CBM 122 Extra"]
[Source "ChessBase"]
[SourceDate "2008.03.04"]
[SourceVersion "1"]
[SourceVersionDate "2008.03.04"]
[SourceQuality "1"]

1. e4 c5 2. Nf3 Nc6 3. Nc3 e5 4. Bc4 Be7 5. d3 d6 6. Nd2 Nf6 7. Nf1 Bg4 8. f3 Be6 9. Ne3 Nd7 10. 0-0 Bg5 11. Ncd5 Nb6 12. Nxb6 Bxe3+ 13. Bxe3 axb6 14. f4 Bxc4 15. dxc4 exf4 16. Bxf4 Ne5 17. b3 Qe7 18. Qd5 Rd8 19. Rad1 0-0 20. Rd2 Kh8 21. Rfd1 f6 22. a4 g6 23. h3 Nf7 24. Rf2 Kg7 25. Bd2 Ne5 26. Bc3 Rfe8 27. Rdf1 Rd7 28. Qd2 Qd8 29. Qf4 Re6 30. Rd2 Rf7 31. Rfd1 Qe7 32. Rd5 Rf8 33. Qd2 Nf7 34. Rf1 Kg8 35. h4 Ne5 36. Rf4 h5 37. Bxe5 fxe5 38. Rxf8+ Qxf8 39. Rd3 Rf6 40. g3 Kf7 41. Kg2 Ke7 1/2-1/2

[Event "Asia Cities-ch 15th"]
[Site "Tehran"]
[Date "2007.03.08"]
[Round "9.3"]
[White "Ari, Ahmed"]
[Black "Mallahi, Amir"]
[Result "1/2-1/2"]
[WhiteElo "2139"]
[BlackElo "2415"]
[PlyCount "85"]
[EventDate "2007.03.02"]
[EventType "team-swiss"]
[EventRounds "9"]
[EventCountry "IRI"]
[SourceTitle "EXT 2020"]
[Source "ChessBase"]
[SourceDate "2019.10.17"]
[SourceVersion "1"]
[SourceVersionDate "2019.10.17"]
[SourceQuality "1"]
[WhiteTeam "Sulaymaniyah"]
[BlackTeam "Tehran Saipa"]
[WhiteTeamCountry "IRQ"]
[BlackTeamCountry "IRI"]

1. e4 c5 2. c3 d5 3. exd5 Qxd5 4. d4 cxd4 5. cxd4 Nc6 6. Nf3 e6 7. Nc3 Qd6 8. Nb5 Qd8 9. Be2 Nf6 10. 0-0 a6 11. Nc3 Be7 12. a3 0-0 13. Bc4 b5 14. d5 Na5 15. Ba2 exd5 16. Nxd5 Nxd5 17. Bxd5 Bb7 18. Bxb7 Nxb7 19. Ne5 Bd6 20. Qd5 Bxe5 21. Qxe5 Re8 22. Qh5 Qf6 23. Rb1 Rac8 24. Bd2 Nd6 25. Bc3 Qg6 26. Qxg6 hxg6 27. f3 Nc4 28. Rfe1 f6 29. Rxe8+ Rxe8 30. Kf2 Kf7 31. Rd1 g5 32. Rd7+ Kg6 33. g4 Rc8 34. Ra7 Rc6 35. h3 Kh7 36. Kg3 Kg8 37. Ra8+ Kh7 38. Ra7 Ne3 39. Rd7 a5 40. Rb7 b4 41. axb4 axb4 42. Rxb4 Nd5 43. Rb3 1/2-1/2

[Event "Lake Sevan"]
[Site "Martuni"]
[Date "2006.07.20"]
[Round "8"]
[White "Pashikian, Arman"]
[Black "Mallahi, Amir"]
[Result "1-0"]
[WhiteElo "2508"]
[BlackElo "2435"]
[PlyCount "71"]
[EventDate "2006.07.13"]
[EventType "tourn"]
[EventRounds "9"]
[EventCountry "ARM"]
[EventCategory "9"]
[SourceTitle "CBM 113 Extra"]
[Source "ChessBase"]
[SourceDate "2006.09.14"]
[SourceVersion "1"]
[SourceVersionDate "2006.09.14"]
[SourceQuality "1"]

1. e4 c5 2. Nf3 Nc6 3. Nc3 e5 4. Bc4 Be7 5. d3 Nf6 6. Ng5 0-0 7. 0-0 h6 8. f4 exf4 9. Nh3 Ne5 10. Nxf4 Nxc4 11. dxc4 d6 12. h3 Bd7 13. b3 Bc6 14. Bb2 Re8 15. Qf3 Nd7 16. Ncd5 Bf8 17. Nh5 Bxd5 18. cxd5 Qe7 19. Qg4 Qg5 20. Qxd7 Qxh5 21. Qxb7 Qg6 22. Rae1 f6 23. Kh2 a5 24. Re3 Rab8 25. Qc7 Qf7 26. Qxa5 Ra8 27. Qe1 Rxa2 28. Qb1 Ra7 29. c4 Rae7 30. Qd3 Kh8 31. Rf5 Qg6 32. Rg3 Qh7 33. Qf3 Rxe4 34. Rxf6 Kg8 35. Rxf8+ Rxf8 36. Qxe4 1-0

[Event "Lake Sevan"]
[Site "Martuni"]
[Date "2006.07.15"]
[Round "3"]
[White "Harutjunyan, Gevorg"]
[Black "Mallahi, Amir"]
[Result "0-1"]
[WhiteElo "2383"]
[BlackElo "2435"]
[PlyCount "74"]
[EventDate "2006.07.13"]
[EventType "tourn"]
[EventRounds "9"]
[EventCountry "ARM"]
[EventCategory "9"]
[SourceTitle "CBM 113 Extra"]
[Source "ChessBase"]
[SourceDate "2006.09.14"]
[SourceVersion "1"]
[SourceVersionDate "2006.09.14"]
[SourceQuality "1"]

1. Nf3 c5 2. g3 Nc6 3. Bg2 g6 4. c3 Bg7 5. 0-0 e5 6. d3 Nge7 7. a3 a5 8. a4 0-0 9. e4 h6 10. Na3 d6 11. Nb5 f5 12. Nd2 Be6 13. Nc4 d5 14. Ncd6 Qd7 15. f4 Rad8 16. Be3 b6 17. Qd2 Kh7 18. Kh1 Bg8 19. exf5 gxf5 20. fxe5 Bxe5 21. Bxh6 Rf6 22. Bg5 Rxd6 23. Nxd6 Qxd6 24. Rae1 Rf8 25. Bh3 Bf6 26. Bxf5+ Nxf5 27. Rxf5 Bxc3 28. Qe2 Rxf5 29. Qh5+ Kg7 30. Re8 Bh7 31. bxc3 Qg6 32. Qxg6+ Bxg6 33. Re6 Rxg5 34. Rxc6 Bxd3 35. Rxb6 Rg4 36. Rc6 Rc4 37. h4 Rxc3 0-1

[Event "IRI-chT"]
[Site "Iran"]
[Date "2005.09.30"]
[Round "11"]
[White "Mamedov, Nidjat"]
[Black "Mallahi, Amir"]
[Result "1/2-1/2"]
[WhiteElo "2463"]
[BlackElo "2419"]
[PlyCount "134"]
[EventDate "2005.05.26"]
[EventType "team"]
[EventRounds "11"]
[EventCountry "IRI"]
[SourceTitle "CBM 106 Extra"]
[Source "ChessBase"]
[SourceDate "2005.07.01"]
[SourceVersion "1"]
[SourceVersionDate "2005.07.01"]
[SourceQuality "1"]

1. e4 c5 2. Nf3 Nc6 3. Bb5 g6 4. 0-0 Bg7 5. Bxc6 dxc6 6. h3 Nf6 7. Nc3 0-0 8. d3 Nd7 9. Be3 e5 10. Qd2 Re8 11. Kh1 b6 12. Nh2 Nf8 13. f4 exf4 14. Bxf4 a5 15. Bg5 f6 16. Bh4 Qd6 17. e5 fxe5 18. Ne4 Qc7 19. Nf6+ Bxf6 20. Bxf6 Qd6 21. Qg5 Ra7 22. Rae1 Rf7 23. Bxe5 Qd5 24. Rxf7 Qxf7 25. Qh6 Bf5 26. Nf3 Re7 27. Bc3 Rxe1+ 28. Nxe1 Be6 29. Qg5 Qf5 30. Qe7 Qf7 31. Qd6 Bd5 32. Qe5 Qf1+ 33. Kh2 Kf7 34. Qc7+ Ke8 35. Qxb6 Qf4+ 36. Kh1 Ne6 37. Qb7 Qe3 38. Kh2 Qf4+ 39. Kg1 Qe3+ 40. Kf1 Nf4 41. Qb8+ Kd7 42. Qe5 Bxg2+ 43. Nxg2 Qf3+ 44. Ke1 Nxg2+ 45. Kd2 Qf2+ 46. Qe2 Qf4+ 47. Kd1 Ne3+ 48. Ke1 a4 49. Kd2 Nd5+ 50. Kd1 a3 51. Bh8 Ne3+ 52. Ke1 axb2 53. Bxb2 Nd5 54. Be5 Qh4+ 55. Qf2 Qxh3 56. Qxc5 Qh1+ 57. Kf2 Qh6 58. Ke1 Qc1+ 59. Ke2 Ne7 60. a4 Qg5 61. a5 Qg2+ 62. Kd1 Qg4+ 63. Kc1 Qa4 64. c4 h5 65. Bb2 h4 66. Qd4+ Ke8 67. Qxh4 Qxa5 1/2-1/2

[Event "IRI-chT"]
[Site "Iran"]
[Date "2005.06.09"]
[Round "4"]
[White "Ezzati, Fereidoon"]
[Black "Mallahi, Amir"]
[Result "0-1"]
[WhiteElo "2259"]
[BlackElo "2419"]
[PlyCount "88"]
[EventDate "2005.05.26"]
[EventType "team"]
[EventRounds "11"]
[EventCountry "IRI"]
[SourceTitle "CBM 106 Extra"]
[Source "ChessBase"]
[SourceDate "2005.07.01"]
[SourceVersion "1"]
[SourceVersionDate "2005.07.01"]
[SourceQuality "1"]

1. e4 c5 2. Nf3 Nc6 3. d4 cxd4 4. Nxd4 e5 5. Nb5 d6 6. N1c3 a6 7. Na3 b5 8. Nd5 Nce7 9. c4 Nxd5 10. Qxd5 Be6 11. Qd3 Nf6 12. Bd2 Be7 13. Be2 0-0 14. 0-0 bxc4 15. Nxc4 Rc8 16. Rac1 d5 17. exd5 e4 18. Qg3 Nxd5 19. Bh6 Bf6 20. Nd6 Rxc1 21. Rxc1 Kh8 22. Bd2 Bxb2 23. Rb1 Bd4 24. Nxe4 f5 25. Ng5 Bg8 26. Qd3 Nf6 27. Bb4 Re8 28. Qxa6 Ng4 29. Nh3 Nxf2 30. Nxf2 Bxf2+ 31. Kxf2 Qd4+ 32. Kg3 f4+ 33. Kh3 Re3+ 34. g3 Be6+ 35. Kg2 Bd5+ 36. Kh3 Be6+ 37. Kg2 Qe4+ 38. Kf2 Qxb1 39. gxf4 Re4 40. Qa8+ Bg8 41. Bd2 Qb6+ 42. Kf3 Qd4 43. Bc1 Re7 44. Ba3 Qe3+ 0-1

[Event "IRI-chT"]
[Site "Iran"]
[Date "2005.05.27"]
[Round "2"]
[White "Daneshpour, SA."]
[Black "Mallahi, Amir"]
[Result "0-1"]
[WhiteElo "2106"]
[BlackElo "2419"]
[PlyCount "94"]
[EventDate "2005.05.26"]
[EventType "team"]
[EventRounds "11"]
[EventCountry "IRI"]
[SourceTitle "CBM 106 Extra"]
[Source "ChessBase"]
[SourceDate "2005.07.01"]
[SourceVersion "1"]
[SourceVersionDate "2005.07.01"]
[SourceQuality "1"]

1. g3 c5 2. Bg2 Nc6 3. d3 g6 4. e4 Bg7 5. f4 d6 6. Nf3 Nf6 7. 0-0 0-0 8. Nc3 Rb8 9. a4 a6 10. h3 b5 11. axb5 axb5 12. g4 b4 13. Ne2 Ne8 14. f5 Nc7 15. Nf4 Nd4 16. Nxd4 Bxd4+ 17. Kh1 Bb7 18. Qe1 Ra8 19. Rxa8 Bxa8 20. c3 bxc3 21. bxc3 Bf6 22. Be3 Nb5 23. Ne2 Qa5 24. Bh6 Rb8 25. Bd2 Qa2 26. g5 Be5 27. Bf4 Bg7 28. Be3 Na3 29. f6 exf6 30. gxf6 Bf8 31. Nc1 Qe6 32. Qh4 d5 33. Bh6 Bd6 34. Bf4 dxe4 35. Bxd6 Qxd6 36. dxe4 Nb5 37. Ne2 Nc7 38. Nf4 Qe5 39. Nxg6 hxg6 40. Bf3 Rb2 41. Bg2 Ne6 42. Ra1 Bc6 43. Rf1 Re2 44. Qg4 Re3 45. Rb1 Rxe4 46. Rb8+ Qxb8 47. Bxe4 Qb1+ 0-1

[Event "Fajr op 13th"]
[Site "Tehran"]
[Date "2005.01.29"]
[Round "5"]
[White "Ghaem Maghami, Ehsan"]
[Black "Mallahi, Amir"]
[Result "1-0"]
[WhiteElo "2623"]
[BlackElo "2420"]
[PlyCount "83"]
[EventDate "2005.01.04"]
[EventType "swiss"]
[EventRounds "9"]
[EventCountry "IRI"]
[SourceTitle "CBM 104 Extra"]
[Source "ChessBase"]
[SourceDate "2005.03.01"]
[SourceVersion "1"]
[SourceVersionDate "2005.03.01"]
[SourceQuality "1"]

1. d4 d5 2. c4 e6 3. Nf3 c5 4. cxd5 exd5 5. g3 Nc6 6. Bg2 Nf6 7. 0-0 Be7 8. Nc3 0-0 9. Bg5 c4 10. Ne5 Be6 11. f4 Ng4 12. Nxg4 Bxg4 13. Bxd5 Bxg5 14. fxg5 Qxg5 15. Rf4 Be6 16. Bg2 Rad8 17. Kh1 Ne7 18. Qg1 Qa5 19. Rd1 f5 20. e4 Ng6 21. e5 Ne7 22. Bxb7 Rb8 23. Qg2 Qb6 24. Bd5 Nxd5 25. Nxd5 Qxb2 26. Rf2 Qa3 27. Nf4 Bc8 28. Qd5+ Kh8 29. Qxc4 Ba6 30. Qc1 Qa4 31. Qc2 Qa3 32. d5 Bb7 33. Kg1 Rbe8 34. e6 Kg8 35. Qd2 Qa6 36. Qd4 Qd6 37. Qxa7 Re7 38. Qd4 Rd8 39. h4 Ra8 40. Kh2 Ra5 41. Rb1 h6 42. Rb6 1-0

[Event "Olympiad-36"]
[Site "Mallorca"]
[Date "2004.10.27"]
[Round "12"]
[White "Mallahi, Amir"]
[Black "Pazos Gambarrotti, Plinio Efrain"]
[Result "1-0"]
[WhiteElo "2383"]
[BlackElo "2400"]
[PlyCount "134"]
[EventDate "2004.10.15"]
[EventType "team-swiss"]
[EventRounds "14"]
[EventCountry "ESP"]
[SourceTitle "CBM 104"]
[Source "ChessBase"]
[SourceDate "2005.01.27"]
[SourceVersion "1"]
[SourceVersionDate "2005.01.27"]
[SourceQuality "1"]
[WhiteTeam "Iran"]
[BlackTeam "Ecuador"]
[WhiteTeamCountry "IRI"]
[BlackTeamCountry "ECU"]

1. e4 c5 2. Nf3 Nc6 3. d4 cxd4 4. Nxd4 Nf6 5. Nc3 d6 6. f4 g6 7. Nxc6 bxc6 8. e5 dxe5 9. Qxd8+ Kxd8 10. fxe5 Ng4 11. Bf4 Bh6 12. Bxh6 Nxh6 13. Bc4 Ng4 14. 0-0-0+ Kc7 15. Rde1 Rf8 16. h3 Nh6 17. Ne4 Kb6 18. Ng5 Ba6 19. Bxa6 Kxa6 20. Nxh7 Rh8 21. Ng5 Rad8 22. Rhf1 Rhf8 23. Re4 Nf5 24. Rf3 Kb7 25. g4 Nh6 26. Rb4+ Ka8 27. b3 Rd5 28. Re4 f5 29. exf6 exf6 30. Nh7 f5 31. Nxf8 fxe4 32. Re3 g5 33. Rxe4 Rd8 34. Ne6 Rg8 35. Rb4 a6 36. Rb6 Nf7 37. Rxa6+ Kb7 38. Nc5+ Kc7 39. Ra7+ Kb6 40. Rxf7 Kxc5 41. Kb2 Kb6 42. a4 Rh8 43. Rf5 Rxh3 44. Rxg5 Rg3 45. b4 Rf3 46. Rg6 Kc7 47. Rg7+ Kb6 48. c3 Rf1 49. Kb3 Rf4 50. g5 Rg4 51. a5+ Ka6 52. Rc7 Rxg5 53. Rxc6+ Kb7 54. Rb6+ Ka7 55. Rh6 Rf5 56. Ka4 Rf7 57. c4 Rg7 58. c5 Kb7 59. Kb5 Ka7 60. a6 Rg8 61. Rh7+ Ka8 62. Kb6 Rb8+ 63. Ka5 Rc8 64. Rg7 Rc6 65. Kb5 Rc8 66. c6 Rh8 67. c7 Rh5+ 1-0

[Event "Olympiad-36"]
[Site "Mallorca"]
[Date "2004.10.19"]
[Round "5"]
[White "Mallahi, Amir"]
[Black "Sepp, Olav"]
[Result "1/2-1/2"]
[WhiteElo "2383"]
[BlackElo "2455"]
[PlyCount "49"]
[EventDate "2004.10.15"]
[EventType "team-swiss"]
[EventRounds "14"]
[EventCountry "ESP"]
[SourceTitle "CBM 104"]
[Source "ChessBase"]
[SourceDate "2005.01.27"]
[SourceVersion "1"]
[SourceVersionDate "2005.01.27"]
[SourceQuality "1"]
[WhiteTeam "Iran"]
[BlackTeam "Estonia"]
[WhiteTeamCountry "IRI"]
[BlackTeamCountry "EST"]

1. e4 e5 2. Nc3 Nf6 3. f4 d5 4. fxe5 Nxe4 5. Qe2 Nxc3 6. dxc3 c5 7. Bf4 Nc6 8. 0-0-0 Be6 9. Kb1 Qa5 10. Nh3 h6 11. Bd2 Qc7 12. Nf4 0-0-0 13. Nxe6 fxe6 14. g3 Re8 15. Qh5 Be7 16. Bh3 Bg5 17. Bf4 Kb8 18. Rhe1 Bxf4 19. gxf4 g5 20. f5 exf5 21. Rxd5 Rxe5 22. Rexe5 Nxe5 23. Bxf5 Rf8 24. b3 a6 25. Be4 1/2-1/2